00908nam a22002291 450000100060000000300080000600500170001400800410003103500190007204000400009104100080013108200210013910000340016024501090019425000120030326000680031530000220038349000680040550001360047350400180060960000510062733100BD-RjUL20211209051939.0140430s1919 ii 001 0 eng d a(BD-RjUL)33191 aDLCcOClUdOCoLCdDLCdBD-RjULbeng aeng00a297.24bNAI 19791 aNadvī, Abulḥasan ʻAlī,1 aIslamic concept of prophethood /cby S. Abul Hasan Ali Nadwi ; rendered into English by Mohiuddin Ahmad. a3rd ed. aLucknow :bAcademy of Islamic Research and Publications,c1979. a235 p. ; c23 cm. 0aSeries - Academy of Islamic Research and Publications ; no. 100 a"Extension lectures on ... ʻProphethood and prophets in the light of the Quranʼ ... delivered at the Medina University ... 1963." aInclude index 0aMuḥammad,cProphet,d-632qProphetic office.